Memorias de la guerra civil. Volumen II /
Saved in:
| Main Author: | |
|---|---|
| Other Authors: | |
| Format: | Electronic eBook |
| Language: | Spanish Latin |
| Published: |
Madrid :
Consejo Superior de Investigaciones Científicas,
2023.
|
| Series: | Alma mater (Series) (Madrid, Spain)
|
| Subjects: | |
| Online Access: | Digitalia Hispánica |
| Tags: |
Add Tag
No Tags, Be the first to tag this record!
|
MARC
| LEADER | 00000nam a2200000 i 4500 | ||
|---|---|---|---|
| 001 | DIGCSIC0691 | ||
| 003 | NyNyDIG | ||
| 007 | cr ||||||||||| | ||
| 008 | 230901s2023 sp b o 001 0 spa d | ||
| 006 | m o d | ||
| 035 | |a (OCoLC)1395939797 | ||
| 040 | |a DGITA |b eng |e rda |e pn |c DGITA | ||
| 020 | |a 9788400111298 |q eBook | ||
| 020 | |z 9788400027230 | ||
| 024 | 7 | |a 833-23-012-1 |q eNIPO |2 nipo | |
| 024 | 7 | |z 833-23-011-6 |2 nipo | |
| 041 | 1 | |a spa |a lat |h lat | |
| 043 | |a e------ |a aw----- |a ff----- | ||
| 050 | 1 | 4 | |a DG266 ebook |
| 100 | 1 | |a Caesar, Julius, |e author. | |
| 240 | 1 | 0 | |a De bello civili. |l Spanish |s (Mariner Bigorra) |
| 245 | 1 | 0 | |a Memorias de la guerra civil. |n Volumen II / |c G. Julio César ; texto revisado y traducido por Sebastián Mariner Bigorra. |
| 246 | 1 | 4 | |a Guerra civil II |
| 264 | 1 | |a Madrid : |b Consejo Superior de Investigaciones Científicas, |c 2023. | |
| 300 | |a 1 online resource : |b maps. | ||
| 336 | |a text |b txt |2 rdacontent | ||
| 337 | |a computer |b c |2 rdamedia | ||
| 338 | |a online resource |b cr |2 rdacarrier | ||
| 347 | |a text file |2 rdaft | ||
| 347 | |b PDF | ||
| 490 | 1 | |a Alma mater. Colección de autores griegos y latinos | |
| 500 | |a Includes index. | ||
| 546 | |a Text in Spanish and Latin. | ||
| 588 | 0 | |a Online resource; title from PDF title page (Digitalia, viewed September 1, 2023) | |
| 651 | 0 | |a Rome |x History |y Civil War, 49-45 B.C. | |
| 700 | 1 | |a Mariner Bigorra, Sebastián, |d 1923-1988, |e translator. | |
| 700 | 1 | |i Translation of: |a Caesar, Julius. |t De bello civili. | |
| 791 | 2 | |a Digitalia (Firm), |e distributor. | |
| 793 | 0 | |g Digitalia eBook Collection: |a Editorial CSIC | |
| 776 | 0 | 8 | |i Print version: |a Caesar, Julius. |s De bello civili. Spanish (Mariner Bigorra). |t Memorias de la guerra civil. Volumen II. |b Cuarta reimpresión. |d Madrid : Consejo Superior de Investigaciones Científicas, [2023] |z 9788400027223 |
| 830 | 0 | |a Alma mater (Series) (Madrid, Spain) | |
| 856 | 4 | 0 | |3 Digitalia Hispánica |u https://digitalia.unach.elogim.com/a/128253/ |
| 910 | |a Premium collection: 2023 | ||